000 00439nam a2200169Ia 4500
008 221030s9999 xx 000 0 und d
020 _a8126114770
041 _aEnglish
082 _a105.23
_bGan
100 _aV. Gangadhar
245 0 _aInvestment Management Including Portfolio Management & Security Analysis
260 _bAnmol Pub
_aNew Delhi
_c2003
300 _a465
650 _aManagement
700 _aG. R. Babu
942 _cBK
999 _c1671
_d1671